Grandes batalhas da história universal (Record no. 45957)

MARC details
000 -Etiqueta do registo
Valores 04776cam a2200889 4500
010 ## - Número ISBN
ISBN 9728735855
010 ## - Número ISBN
ISBN 9728735863
010 ## - Número ISBN
ISBN 9728735871
010 ## - Número ISBN
ISBN 972873588X
010 ## - Número ISBN
ISBN 9728735898
010 ## - Número ISBN
ISBN 9728735901
010 ## - Número ISBN
ISBN 972873591X
010 ## - Número ISBN
ISBN 9728735928
010 ## - Número ISBN
ISBN 9728735952
010 ## - Número ISBN
ISBN 9728735960
010 ## - Número ISBN
ISBN 9728735987
010 ## - Número ISBN
ISBN 9728735995
010 ## - Número ISBN
ISBN 9895540000
010 ## - Número ISBN
ISBN 9895540019
010 ## - Número ISBN
ISBN 9895540027
010 ## - Número ISBN
ISBN 9895540035
010 ## - Número ISBN
ISBN 9895540043
010 ## - Número ISBN
ISBN 9895540051
010 ## - Número ISBN
ISBN 989554006X
010 ## - Número ISBN
ISBN 9895540078
010 ## - Número ISBN
ISBN 9895540086
010 ## - Número ISBN
ISBN 9895540108
010 ## - Número ISBN
ISBN 9728735936
010 ## - Número ISBN
ISBN 9728735979
010 ## - Número ISBN
ISBN 9895540264
010 ## - Número ISBN
ISBN 9895540272
010 ## - Número ISBN
ISBN 9895540280
010 ## - Número ISBN
ISBN 9895540299
010 ## - Número ISBN
ISBN 9895540302
010 ## - Número ISBN
ISBN 9895540310
010 ## - Número ISBN
ISBN 9895540329
010 ## - Número ISBN
ISBN 9895540337
021 ## - Número do Depósito Legal
Número 187584/02
021 ## - Número do Depósito Legal
Número 187588/02
021 ## - Número do Depósito Legal
Número 187589/02
021 ## - Número do Depósito Legal
Número 187590/02
021 ## - Número do Depósito Legal
Número 187591/02
021 ## - Número do Depósito Legal
Número 187592/02
021 ## - Número do Depósito Legal
Número 187593/02
021 ## - Número do Depósito Legal
Número 187594/02
021 ## - Número do Depósito Legal
Número 188735/02
021 ## - Número do Depósito Legal
Número 188736/02
021 ## - Número do Depósito Legal
Número 188739/02
021 ## - Número do Depósito Legal
Número 188740/02
021 ## - Número do Depósito Legal
Número 188741/02
021 ## - Número do Depósito Legal
Número 188742/02
021 ## - Número do Depósito Legal
Número 188743/02
021 ## - Número do Depósito Legal
Número 188744/02
021 ## - Número do Depósito Legal
Número 188745/02
021 ## - Número do Depósito Legal
Número 188746/02
021 ## - Número do Depósito Legal
Número 189891/02
021 ## - Número do Depósito Legal
Número 189887/03
021 ## - Número do Depósito Legal
Número 189888/03
021 ## - Número do Depósito Legal
Número 189889/03
021 ## - Número do Depósito Legal
Número 188734/02
021 ## - Número do Depósito Legal
Número 188738/02
021 ## - Número do Depósito Legal
Número 192984/03
100 ## - Dados gerais de processamento
Dados gerais 20030602g20029999me y0pory5003 ba
101 0# - Língua de publicação
Língua por
102 ## - País de publicação
País PT
200 1# - Titulo e menção de responsabilidade
Título próprio Grandes batalhas da história universal
Primeira menção de responsabilidade org. e dir QuidNovi
210 #9 - Publicação
Local de publicação [S.l.]
Nome do editor QuidNovi
-- Empresa do Jornal de Notícias,
Data de publicação D.L. 2002-
215 ## - Descrição física 
Paginação / Volumes v.
Outras indicações físicas il.
Dimensões 21 cm
225 ## - Colecção 
Título próprio da colecção Grandes batalhas da história universal
327 0# - Nota de conteúdo
Texto da nota 1<U+00BA> v. : Kadesh : 1275 a.C. / Ramses II, Muwatalli. - 64 p.
-- 2<U+00BA> v. : Issos : Dário III, 333 a.C. / Alexandre, o Grande. - 64 p.
-- 3<U+00BA> v. : Canas : Aníbal : Paulo Emílio, Marco Terêncio : 216 a. C. - 64 p.
-- 4<U+00BA> v. : Alesia : Júlio César : Vercingetorix : 49 a. C. - 64 p.
-- 5<U+00BA> v. : Ajubarrota : D. Nuno Álvarez Pereira : D. João I de Castela : 1385. - 64 p.
-- 6<U+00BA> v. : Orleães : 1429 / Joana D'Arc, Guilherme de la Pole. - cop. 2003. - 64 p.
-- 7<U+00BA> v. : Constantinopla : 1453 / Maomé II, Constantino XI. - 2003. - 64 p.
-- 8<U+00BA> v. : Goa : D. Afonso de Albuquerque : Yusuf Adil Khan : 1510. - D.L. 2002. - 64 p.
-- 9<U+00BA> v. : Lepanto : D. João da Áustria : Ali Pachá : 1571. - 64 p.
-- 10<U+00BA> v. : Trafalgar : Horatio Nelson : Pierre de Villeneuve : 1805. - 64 p.
-- 11<U+00BA> v. : Waterloo : Napoleão : Wellington : 1815. - 64 p.
-- 12<U+00BA> v. : Sebastopol : Fran—cois Canrobert : Aleksandr Menshikov : 1855. - D.L. 2002. - 64 p.
-- 13<U+00BA> v. : Gettysburg : 1863 / George Meade, Robert E. Lee. - cop. 2003. - 64 p.
-- 14<U+00BA> v. : Verdum : 1916 / Henri-Phillippe Pétain, Erich von Falkenhayn. - cop. 2003. - 64 p.
-- 15<U+00BA> v. : La Lys : 1918 / Erich Ludendorf, Gomes da Costa. - cop. 2003. - 64 p.
-- 16<U+00BA> v. : Inglaterra : Hugh, Dowding : Hermann, Goering : 1940. - 64 p.
-- 17<U+00BA> v. : Midway : Chester, W. Nimitz : Isoroku, Yamamoto : 1942. - 64 p.
-- 18<U+00BA> v. : El-Alamein : 1942 / Bernard Montgomery, Erwin Rommel. - cop. 2003. - 64 p.
-- 19<U+00BA> v. : Estalinegrado : Gregory Zhukov : Von Paulus : 1943. - 64 p.
-- 20<U+00BA> v. : Kursk : 1943 / Nikolai Vatutin, Hermann Hoth. - cop. 2003. - 64 p.
-- 21<U+00BA> v. : Cassino : 1944 / Mark Wayne Clark, Albert Kesselring. - cop. 2003. - 64 p.
-- 22<U+00BA> v.: Normandia : Dwight Eisenhower : Adolf Hitler : 1944. - 64 p.
-- 23<U+00BA> v. : Sinai : Moshe Dayan : Abdel Nasser : 1967. - 64 p.
-- 25<U+00BA> v. : Golfo : Norman Schwarzkopf : Saddam Hussein : 1991. - 64 p.
-- 26<U+00BA> v. : Shatt Al-Arab : Tarek Aziz : Ruhollah Khomeini : 1982. - [D.L. 2003]. - 64 p.
-- 27<U+00BA> v. : Beirute : Ariel Sharon : Yasser Arafat : 1982. - D.L. 2003. - 64 p.
-- 28<U+00BA> v. : Sarajevo : Alija Izetbegovic : Radovan Karadzic : 1995. - D.L. 2003. - 64 p.
-- 29<U+00BA> v. : Malvinas : Margaret Thatcher : Leopoldo Galtieri : 1982. - D.L. 2003. - 64 p.
-- 30<U+00BA> v. : Inchon : Douglas MacArthur : Kim Il Sung : 1950. - D.L. 2003. - 64 p.
-- 31<U+00BA> v. : Dien Bien Phu : Ho Chi Minh : Christian de Castries : 1954. - D.L. 2003. - 64 p.
-- 32<U+00BA>. v. : Manchúria : Mao Tsé-Tung : Chang Kai-Chek : 1948. - D.L. 2003. - 64 p.
-- 33<U+00BA> v. : Ebro : 1938 / Francisco Franco, Juan Modesto. - cop. 2003. - 64 p.
675 ## - CDU
Notação 355.48(100)
675 ## - CDU
Notação 94(100)
712 02 - Autor entidade secundário
Nome da entidade QuidNovi
801 ## - Fonte de origem
País PT
Regras de catalogação RPC
990 ## - Elementos KOHA
Tipo de documento Livro
Holdings
Aquisição Empréstimo Código de barras Cota Permissão de empréstimo Tipo de documento Nota relativa ao exemplar
Biblioteca Escolar Doutor Hernâni Cidade Biblioteca Escolar Doutor Hernâni Cidade 82784 355.4 AA.VV. GUERRAS   Livro Malvinas
Biblioteca Escolar Doutor Hernâni Cidade Biblioteca Escolar Doutor Hernâni Cidade 82785 355.4 AA.VV. GUERRAS   Livro El-alamein
Biblioteca Escolar Doutor Hernâni Cidade Biblioteca Escolar Doutor Hernâni Cidade 82786 355.4 AA.VV. GUERRAS   Livro Beirute
Biblioteca Escolar Doutor Hernâni Cidade Biblioteca Escolar Doutor Hernâni Cidade 82787 355.4 AA.VV. GUERRAS   Livro Sinai
Biblioteca Escolar Doutor Hernâni Cidade Biblioteca Escolar Doutor Hernâni Cidade 82788 355.4 AA.VV. GUERRAS   Livro Verdum
Biblioteca Escolar Doutor Hernâni Cidade Biblioteca Escolar Doutor Hernâni Cidade 82789 355.4 AA.VV. GUERRAS   Livro Goa
Biblioteca Escolar Doutor Hernâni Cidade Biblioteca Escolar Doutor Hernâni Cidade 82790 355.4 AA.VV. GUERRAS   Livro Casssino
Biblioteca Escolar Doutor Hernâni Cidade Biblioteca Escolar Doutor Hernâni Cidade 82791 355.4 AA.VV. GUERRAS   Livro Dien Bien Phu
Biblioteca Escolar Doutor Hernâni Cidade Biblioteca Escolar Doutor Hernâni Cidade 82792 355.4 AA.VV. GUERRAS   Livro Alesia
Biblioteca Escolar Doutor Hernâni Cidade Biblioteca Escolar Doutor Hernâni Cidade 82793 355.4 AA.VV. GUERRAS   Livro Canas
Biblioteca Escolar Doutor Hernâni Cidade Biblioteca Escolar Doutor Hernâni Cidade 82794 355.4 AA.VV. GUERRAS   Livro Aljubarrota
Biblioteca Escolar Doutor Hernâni Cidade Biblioteca Escolar Doutor Hernâni Cidade 82795 355.4 AA.VV. GUERRAS   Livro Saravejo
Biblioteca Escolar Doutor Hernâni Cidade Biblioteca Escolar Doutor Hernâni Cidade 82796 355.4 AA.VV. GUERRAS   Livro Normandia
Biblioteca Escolar Doutor Hernâni Cidade Biblioteca Escolar Doutor Hernâni Cidade 82797 355.4 AA.VV. GUERRAS   Livro Shatt al-Rab
Biblioteca Escolar Doutor Hernâni Cidade Biblioteca Escolar Doutor Hernâni Cidade 82798 355.4 AA.VV. GUERRAS   Livro Waterloo
Biblioteca Escolar Doutor Hernâni Cidade Biblioteca Escolar Doutor Hernâni Cidade 82799 355.4 AA.VV. GUERRAS   Livro Orleães
Biblioteca Escolar Doutor Hernâni Cidade Biblioteca Escolar Doutor Hernâni Cidade 82800 355.4 AA.VV. GUERRAS   Livro Constantinopla
Biblioteca Escolar Doutor Hernâni Cidade Biblioteca Escolar Doutor Hernâni Cidade 82801 355.4 AA.VV. GUERRAS   Livro Estalinegrado
Biblioteca Escolar Doutor Hernâni Cidade Biblioteca Escolar Doutor Hernâni Cidade 82802 355.4 AA.VV. GUERRAS   Livro Kurk
Biblioteca Escolar Doutor Hernâni Cidade Biblioteca Escolar Doutor Hernâni Cidade 82803 355.4 AA.VV. GUERRAS   Livro Tet
Biblioteca Escolar Doutor Hernâni Cidade Biblioteca Escolar Doutor Hernâni Cidade 82804 355.4 AA.VV. GUERRAS   Livro Issos
Biblioteca Escolar Doutor Hernâni Cidade Biblioteca Escolar Doutor Hernâni Cidade 82805 355.4 AA.VV. GUERRAS   Livro Golfo
Biblioteca Escolar Doutor Hernâni Cidade Biblioteca Escolar Doutor Hernâni Cidade 82806 355.4 AA.VV. GUERRAS   Livro Kadesh
Biblioteca Escolar Doutor Hernâni Cidade Biblioteca Escolar Doutor Hernâni Cidade 82807 355.4 AA.VV. GUERRAS   Livro Lepanto
Biblioteca Escolar Doutor Hernâni Cidade Biblioteca Escolar Doutor Hernâni Cidade 82808 355.4 AA.VV. GUERRAS   Livro Trafalgar
Biblioteca Escolar Doutor Hernâni Cidade Biblioteca Escolar Doutor Hernâni Cidade 82809 355.4 AA.VV. GUERRAS   Livro Midway
Biblioteca Escolar Doutor Hernâni Cidade Biblioteca Escolar Doutor Hernâni Cidade 82810 355.4 AA.VV. GUERRAS   Livro Ebro
Biblioteca Escolar Doutor Hernâni Cidade Biblioteca Escolar Doutor Hernâni Cidade 82811 355.4 AA.VV. GUERRAS   Livro Sebastopol
Biblioteca Escolar Doutor Hernâni Cidade Biblioteca Escolar Doutor Hernâni Cidade 82812 355.4 AA.VV. GUERRAS   Livro Inglaterra
Biblioteca Escolar Doutor Hernâni Cidade Biblioteca Escolar Doutor Hernâni Cidade 82813 355.4 AA.VV. GUERRAS   Livro Inchon
Biblioteca Escolar Doutor Hernâni Cidade Biblioteca Escolar Doutor Hernâni Cidade 82814 355.4 AA.VV. GUERRAS   Livro Gettysburg
Biblioteca Escolar Doutor Hernâni Cidade Biblioteca Escolar Doutor Hernâni Cidade 82815 355.4 AA.VV. GUERRAS   Livro La Lys
Biblioteca Escolar Doutor Hernâni Cidade Biblioteca Escolar Doutor Hernâni Cidade 82816 355.4 AA.VV. GUERRAS   Livro Manchúria

Powered by Koha